200 suosituinta miesten nimeä alkukirjaimella R - Statistics

Yleistilastot
  • Tätä visaa on pelattu 101 kertaa
  • Keskiarvotulos 62 / 200
Vastaustilastot
% Oikein
Ray
97%
Rei
97%
Rey
97%
Risto
95%
Ram
92%
Rami
90%
Raimo
87%
Riku
87%
Reijo
84%
Rein
84%
Roope
84%
Richard
82%
Rickard
82%
Rickhard
82%
Rikard
82%
Rikhard
82%
Rikhart
82%
Ron
82%
Reino
80%
Ronni
80%
Ronnie
80%
Ronny
80%
Rain
77%
Roni
75%
Rony
75%
Rauno
74%
Rasmus
72%
Raine
69%
Rainer
67%
Robert
67%
Roobert
67%
Roopert
67%
Reko
62%
Reima
59%
Ren
59%
Raino
57%
Roi
57%
Roy
57%
Robbie
54%
Robi
54%
Ropi
54%
Raoul
52%
Raul
52%
Ricky
52%
Riki
52%
Ruu
52%
Raafael
51%
Rafael
51%
Raffaele
51%
Ralf
51%
Ralph
51%
Raphael
51%
Raphaël
51%
Rauli
51%
Robin
51%
Rolle
51%
Rolf
49%
Rauni
46%
Remu
46%
Reni
44%
Renni
44%
Renny
44%
Risto-Matti
43%
Ristomatti
43%
Reetu
41%
Rene
41%
René
41%
Rico
41%
Riko
41%
Retu
39%
Rudolf
39%
Ruudolf
39%
Remi
38%
Remy
38%
Rio
38%
Rocky
38%
Roki
38%
Rane
34%
Repe
34%
Roger
34%
Ristonpoika
33%
Ragnar
31%
Rani
31%
Rayan
31%
Ryan
31%
Riiko
30%
Rune
30%
Rian
28%
Runo
28%
Reimo
26%
Renne
26%
Rick
26%
Rino
26%
Roberto
25%
Ronald
25%
Rory
25%
Rudi
25%
Rudy
25%
Raineri
23%
Raj
23%
Roman
23%
Romeo
23%
Romi
23%
Roomeo
23%
Roland
21%
Rubert
21%
Rupert
21%
Reinhold
20%
Reuben
20%
Riku-Pekka
20%
Ruben
20%
Ruuben
20%
Reidar
18%
Randy
16%
Reinhard
16%
Rufus
16%
Rahman
15%
Raimond
15%
Raymond
15%
Reini
15%
Ricardo
15%
Riccardo
15%
Richardo
15%
Riku-Petteri
15%
Ruska
15%
Rafi
13%
Ramon
13%
Rajan
11%
Reeti
11%
Remo
11%
Rex
11%
Ronaldo
11%
Rui
11%
Runar
11%
Ruslan
11%
Ramses
10%
Reine
10%
Rodi
10%
Rodney
10%
Roine
10%
Rabbe
8%
Raheem
8%
Rahim
8%
Raza
8%
Reda
8%
Reh
8%
Reza
8%
Rida
8%
Ridha
8%
Ross
8%
Raikko
7%
Ringo
7%
Roopertti
7%
Rurik
7%
Raad
5%
Rachid
5%
Raed
5%
Raman
5%
Rasheed
5%
Rashid
5%
Remus
5%
River
5%
Ronan
5%
Ragnvald
3%
Raikas
3%
Ramin
3%
Robertino
3%
Roihu
3%
Rebin
2%
Reddy
2%
Reipas
2%
Riad
2%
Rieti
2%
Rinaldo
2%
Rion
2%
Roald
2%
Roan
2%
Robinson
2%
Rocco
2%
Roderick
2%
Rodion
2%
Rodolfo
2%
Rodrigo
2%
Rogert
2%
Rohan
2%
Rostislav
2%
Rafik
0%
Rahul
0%
Ramadan
0%
Ramazan
0%
Ramzi
0%
Rasul
0%
Rebwar
0%
Reetrikki
0%
Reguel
0%
Reittu
0%
Renato
0%
Ridwan
0%
Rinor
0%
Russell
0%
Ehtoja vastaavia visoja ei löytynyt
Tulosjakauma
Jokaisen tuloksen saaneiden osuus
Persentiili vastausten määrän mukaan
Tuloshistoriasi
Et ole pelannut tätä visaa